[Event "Harburg-chH 13th"]
[Site "Hamburg"]
[Date "2018.08.04"]
[Round "2"]
[White "Eickmeier, Bernd"]
[Black "Ahlers, Quentin"]
[Result "0-1"]
[WhiteElo "1201"]
[BlackElo "1203"]
[PlyCount "78"]
[EventDate "2018.08.03"]
[EventType "tourn"]
[EventRounds "5"]
[EventCountry "GER"]
[SourceTitle "EXT 2019"]
[Source "ChessBase"]
[SourceDate "2018.10.10"]
[SourceVersion "1"]
[SourceVersionDate "2018.10.10"]
[SourceQuality "1"]

1. e4 e5 2. b3 Nf6 3. Nc3 Bc5 4. Nf3 Ng4 5. d4 exd4 6. Nxd4 Nxf2 7. Kxf2 Qf6+ 8. Ke3 Nc6 9. Nd5 Bxd4+ 10. Ke2 Qd6 11. Bf4 Qg6 12. Kf3 Bxa1 13. Nxc7+ Kd8 14. Qxa1 Rb8 15. Qc3 h5 16. h3 b6 17. Bd3 f6 18. Re1 Rb7 19. e5 Qf7 20. Bc4 Qe7 21. exf6 Qxf6 22. Qxf6+ gxf6 23. Nd5 Nd4+ 24. Kf2 b5 25. Bd3 Re8 26. Be3 Nc6 27. Nxf6 Rf8 28. Bg5 d6 29. Kg1 Rg7 30. Nh7+ Rxg5 31. Nxg5 Rg8 32. Nf7+ Kc7 33. Bxb5 Nd4 34. Be2 Bxh3 35. Kh2 Bxg2 36. Bxh5 Bf3 37. Re7+ Kb6 38. Bxf3 Nxf3+ 39. Kh1 Rg1# 0-1